000 01993nam a2200325Ia 4500
999 _c52719
_d52719
001 19744
003 GE_BSU
005 20200419004337.0
008 181216s2014||||ge |||||||||||||| ||geo||
020 _aISBN 978-9941-434-93-8
040 _cGE_BSU
041 _ageo
080 _a1(063)+37+930+070 ჰ-95
245 _aჰუმანიტარული მეცნიერებები ინფორმაციულ საზოგადოებაში - II : საერთაშორისო კონფერენციის მასალები = Humanities in the information society - II : International conference proceedings : ნაწ. 3 /
_cრედ. მარინა გიორგაძე ; სარედ. კოლ. : ავთანდილ არაბული, მარინე აროშიძე და სხვ.
264 _aბათუმი :
_bბათუმის შოთა რუსთაველის სახელმწიფო უნივერსიტეტის გამომცემლობა,
_c2014.
300 _a366 გვ. ;
_c29 სმ.
500 _aგარეკანი და თავფურცელი ქართულ და ინგლისურ ენებზე
500 _a მოხსენებების ნაწილი რუსულ და ინგლისურ ენებზე
520 _aრეზიუმე ქართულ და ინგლისურ ენებზე
541 _h13ლ.11თ.
653 _aფილოსოფია
653 _aფილოსოფია
653 _a ისტორია
653 _a მასმედია
653 _a რელიგია
653 _aსოციოლოგია
653 _aკონფერენციები
700 _a გიორგაძე, მარინა
_eრედაქტორი
_97935
942 _cBK
_2udc